000 01031 a2200253 4500
003 Nust
005 20170207154029.0
010 _a 2002114096
020 _a1558608435
035 _a(DLC) 2002114096
040 _cNust
082 0 0 _a005.2/76
245 0 0 _aDesigning data-intensive Web applications-(E-BOOK)
_cStefano Ceri ... [et al.].
260 _aAmsterdam ;
_aBoston :
_bMorgan Kaufmann Publishers,
_cc2003.
300 _axxix, 561 p. :
_bill. ;
_c24 cm.
440 0 _aMorgan Kaufmann series in data management systems
505 _aPart 1 Technology Overview 1 Part 2 Models For Designing Web Applications 59 Part 3 Design Of Web Applications 191 Part 4 Implementation Of Web Applications 327
650 0 _aApplication software
_xDevelopment.
650 0 _aWeb site development.
651 _aE-BOOK
700 1 _aCeri, Stefano,
_d1955-
856 4 2 _3Publisher description
_uhttp://www.loc.gov/catdir/description/els031/2002114096.html
856 4 2 _3Table of contents
_uhttp://www.loc.gov/catdir/toc/els031/2002114096.html
942 _2ddc
_cBK
999 _c192030
_d192030